| 000 | 01529cab a2200277 ab4500 | ||
|---|---|---|---|
| 005 | 20230822133704.0 | ||
| 008 | 991125c2015 sp ar p o 000 0 spa d | ||
| 035 | _aUPN01000214929 | ||
| 040 |
_aMX-MxUPN _bspa _cMX-MxUPN _eaacr2 |
||
| 049 | _aART-E | ||
| 100 | 1 | _aSáez Martínez, Begoña | |
| 100 | 1 | _usaezmart@gmail.com | |
| 245 | 1 | 0 |
_aAquella otra España desde la mirada de Luis García Berlanga : _bel verdugo en el aula de ELE _h[recurso electrónico en línea] |
| 506 | 0 | _aAcceso abierto | |
| 520 | 3 | _aEsta propuesta didáctica centrada en El verdugo (1963) de Luis García Berlanga, una de las obras maestras del cine español, trata de conseguir varios objetivos: acercar al alumno de ELE a la realidad social de la España de los años 60, entender la percepción social de un verdugo y su entorno, conocer las tácticas de desinformación oficiales para ocultar los males de la dictadura, familiarizarse con el humor negro y debatir de forma argumentativa sobre temas polémicos. REDELE | |
| 653 | 0 | _aEnseñanza del español | |
| 653 | 0 | _aDidáctica de la lengua | |
| 653 | 0 | _aInterculturalidad | |
| 653 | 0 | _aMedios audiovisuales | |
| 653 | 0 | _aCine | |
| 773 |
_gNo. 27 (2015) p. 1-27 _tREDELE : revista electrónica de didáctica del español lengua extranjera _x1571-4667 |
||
| 856 | 4 | _uhttp://www.mecd.gob.es/dctm/redele/Material-RedEle/Revista/201527/2015-redele-27-8-begona-saez-martinez.pdf?documentId=0901e72b81ecb02a | |
| 902 | _bLeonor Sotres/220823 | ||
| 905 | _aArticulo | ||
| 942 | _cART-E | ||
| 999 |
_c187029 _d187029 |
||